| 000 | 01257nam a22002657a 4500 | ||
|---|---|---|---|
| 005 | 20121010141910.0 | ||
| 008 | 121010t xxu||||| |||| 00| 0 mar d | ||
| 010 | _aMAR-22761 | ||
| 020 | _c200.00 | ||
| 035 | _aMR-15419 | ||
| 037 | _bDBAD/PUB | ||
| 040 |
_aDPL _bMR |
||
| 082 | _a891.463 | ||
| 100 |
_953016 _aबागुल, प्रभाकर |
||
| 245 |
_aझुंजार सेनापती संताजी घोरपडे / _cप्रभाकर बागुल |
||
| 246 |
_aJhunjar Senapati Santaji Ghorpade _bby Prabhakar Bagul |
||
| 260 |
_aसोलापूर _bस्वरूपदीप प्रकाशन _c2012 |
||
| 270 |
_bसोलापूर _aब्लॉक नं. 12 ब,अ-यशवंत हौसिंग सोसायटी मुमताजनगरजवळ, _e413006 |
||
| 300 |
_a200पृ. _c21सेमी(अजिल्द) |
||
| 650 |
_aमराठी कादंबरी _953620 |
||
| 650 |
_aMarathi Fiction _953621 |
||
| 700 | _953616 | ||
| 942 |
_2ddc _cMR _mबागुल _h891.463 |
||
| 999 |
_c71478 _d71478 |
||